000 01001cam a2200289 i 4500
001 22795
003 Mx-PuUPA
005 20230502090945.0
008 140415s1973 mx gr 000 0 spa d
040 _cMx-PuUPA
_aMx-PuUPA
_dMx-PuUPA
_bspa
_erda
041 0 _aspa
100 1 _aFilísola, Vicente,
_d1789-1850
_eautor
_914125
245 1 0 _aMemorias para la historia de la guerra de Tejas /
_cDon Vicente Filisola
246 1 4 _aHistoria de la guerra de Tejas.
264 2 _aMéxico, D. F. :
_bEditora Nacional,
_c1973
300 _a2 volúmenes (paginación varía) ;
_c17 cm
336 _2rdacontent
_atexto
_btxt
337 _2rdamedia
_asin medio
_bn
338 _2rdacarrier
_avolumen
_bnc
545 _aReimpresiones: (1973).
600 1 4 _aFilísola, Vicente,
_xGenerales
_vBiografía
651 4 _aTexas
_xHistoria
_xRevolución, 1835-1836
651 4 _aTexas
_xHistoria
_yHasta 1846
942 _2ddc
_cLI
_h976.403
_iF478
999 _c22795
_d22795